00276 a2200121 4500001000700000020001800007040001100025100003600036240003500072245003000107300000800137362000900145182692 a85-902652-1-8 cMagnum aGarcia, Auxiliadora Magalhães10aA mulher que pariu Mateuslpor10aA mulher que pariu Mateus a2190 a2002